000 00507cab a2200193 4500
001 X2307
008 090401t1995 xxu||||| |||| 00| 0 eng d
035 _a(Sirsi) u23267
041 _aeng
245 _aCommunity forests : no special status in the planning system
260 _c1995
350 _a0
490 _aCSM (Chartered Surveyor Monthly)
_v4(7) May 1995, 8(1)
650 _aCOMMUNITY FORESTS
650 _aDEVELOPMENT PLANS
690 _aRURAL PRACTICE
942 _n0
948 _c04/03/1997
999 _c15565
_d15565